Women World Leaders Quiz Stats

 Plays Quiz Updated Jan 20, 2018

Also try: Female Firsts
Challenge
Share
Tweet
Embed
Score 0/11 Timer 03:00
5 Plays Today
% Correct
Germany
91.6%
Norway
68.5%
Iceland
64.1%
Serbia
58.2%
Bangladesh
56.9%
Lithuania
49.2%
New Zealand
43.2%
Liberia
37.4%
United Kingdom
35.4%
Chile
33.4%
Marshall Islands
19%

You're not logged in!

Compare scores with friends on all Sporcle quizzes.
Join for Free
OR
Log In

You Might Also Like...

Show Comments

Extras

Top Quizzes Today


Score Distribution

Your Account Isn't Verified!

In order to create a playlist on Sporcle, you need to verify the email address you used during registration. Go to your Sporcle Settings to finish the process.

Report this User

Report this user for behavior that violates our Community Guidelines.

Details: